000 00573nam a2200193Ia 4500
005 20250507130224.0
008 008 250505s9999 xx 000 0 eng d
037 _aSeries Article
040 _aEASL
_beng
_cEASL
041 _aeng
_2eng
084 _qEASL
100 _aReilly James
_9668913
245 0 _aRemember history,not hatred: collective rememberance of China's war of resistance to Japan
260 _aUK
_bCambridge Cambridge University Press UK
_c2011
300 _a463-490
650 _aChina
942 _cSRA
999 _c1318398
_d1318398